Derecho de seguros: análisis sistemático de la Nueva Ley Chilena sobre el contrato de seguro

Furkejuvvon:
Bibliográfalaš dieđut
Váldodahkki: Contreras Strauch, Osvaldo (Dahkki)
Materiálatiipa: Girji
Giella:espánnjágiella
Almmustuhtton: Santiago Thomson Reuters La Ley 2015
Preanttus:3a. ed
Fáttát:
Fáddágilkorat: Lasit fáddágilkoriid
Eai fáddágilkorat, Lasit vuosttaš fáddágilkora!

MARC

LEADER 00000cam a2200000 a 4500
001 UCD8033
003 CL-VaPUC
008 170422e20150000cl |||||||||||||||||spa|d
020 |a 9789563467239 
082 0 4 |a 346.83086  |b CON  |2 21 
100 0 |a Contreras Strauch, Osvaldo  |e author  |9 591886 
245 1 0 |a Derecho de seguros: análisis sistemático de la Nueva Ley Chilena sobre el contrato de seguro 
250 |a 3a. ed 
300 |a 764 p 
942 |c BK 
945 |d 20170422 00:05:00  |a arojas 
260 |a Santiago  |b Thomson Reuters La Ley  |c 2015 
650 7 |a SEGUROS  |2 CL-VaPUC  |9 591887 
650 0 |a Derecho y legislación   |9 255077 
583 |a last modification  |c 20171201 12:10:59  |k Rodrigo Vera 
999 |c 367804  |d 367802 
952 |0 0  |1 0  |3 erb  |4 0  |6 346_830860000000000_CON_2015  |7 0  |8 A  |9 482890  |a BIBDER  |b BIBDER  |i 5372860  |l 11  |o 346.83086 CON 2015  |p 5372860  |r 2025-04-02  |s 2025-04-02  |w 2019-11-24  |y BK  |z Catalogado en:20170422  |k DER 
952 |0 0  |1 0  |3 erb  |4 0  |6 346_830860000000000_CON_2015  |7 0  |8 A  |9 482891  |a BIBDER  |b BIBDER  |i 537510K  |l 10  |m 9  |o 346.83086 CON 2015  |p 537510K  |r 2024-12-03  |s 2024-11-19  |w 2019-11-24  |y BK  |z Catalogado en:20170512  |k DER